00594nam a2200193Ia 450000500170000000800410001704000190005804100120007708200150008910000240010424500510012825000160017926000370019530000490023250400590028165000120034065100380035285000100039020220803153050.0131103s9999 xx 000 0 und d aLoreto College aEnglish a551.5bTRE aTrewartha, Glenn T. 3aAn introduction to climatecGlenn T. Trewartha a3rd Edition aNew YorkbMc - Graw - Hillc1954 avi, 402 p.b ill., charts,fig., maps, tables aIncludes bibliographical references, appendices, index aGeology aGeology - Climatology and weather aLCLIB